| 000 | 00581nam a2200205Ia 4500 | ||
|---|---|---|---|
| 005 | 20250923145358.0 | ||
| 008 | 008 250917s9999 xx 000 0 eng d | ||
| 037 | _aTextual | ||
| 040 |
_aDSWL _beng _cDSWL |
||
| 041 |
_aeng _2eng |
||
| 084 |
_aW61.2, N60 _qDSWL |
||
| 100 |
_aMore, S.S. _9834674 |
||
| 245 | 0 |
_aPractice and procedure of Indian parliament _c by S.S. More |
|
| 260 |
_aBombay _bThacker & Co. Ltd. _c1960 |
||
| 300 | _axiv,569 p. | ||
| 365 |
_aINR _b27 . 50 |
||
| 925 | _g27 . 50 | ||
| 942 |
_cTEXL _hW61.2, N60 |
||
| 999 |
_c1450658 _d1450658 |
||